Регионална библиотека "Любен Каравелов" - Русе

Песни (Запис номер 298080)

MARC детайли
000 -Лидер
Контролно поле с фиксирана дължина 03366ncm a2200469 c 4500
003 - Код на организацията, давaща контролен номер
Контролно поле BLK
005 - Дата и час на последна редакция
Контролно поле 20221130103720.0
008 - Елементи от данни с фиксирана дължина
fixed length control field 180414b bul |a|er|||| |0| c|bulo|
010 ## - Наследен системен номер
LC control number NOT00000795000
040 ## - Източник на каталожния запис
Идентификатор на билиотеката - собственик на записа BLK
041 ## - Код за език
Код за езика на текст/звукозапис или на отделно заглавие Български
Код за езика КДБФ Български
080 ## - УДК
Текстов определител УДК Вокални произведения за един глас
УДК код - определител по УДК 78.087.61
УДК определител
УДК - код + определител 78.087.61
100 1# - Редна дума - Автор
Автор Жеков, Петър
Авторска отговорност първи автор
R(LIN) 385144
139 ## - Редно поле
Редна дума Жеков, Петър
Авторски знак Жеко - Ж 32
245 10 - Сведения за заглавието
Заглавие Песни
Подзаглавни данни Тетр. 1 - : За глас със съпровод на пиано За том: Цикъл В
Редно поле (дума) Петър Жеков; текст на том Кольо Александров; текст на том Константин Коняров; текст на том Лъчезар Стоянов; текст на том Мариана Статева; текст на том Мирослава Матева; текст на том Неделчо Ганев; текст на том Николай Кънчев Кънев; текст на том Петър Русев; текст на том Райко Проданов Дончев; текст на том Росен Русев; текст на том Стойчо Стойчев; текст на том Стойчо Малджарски; текст на том Таньо Стоянов Клисуров; текст на том Христо Кацаров; текст на том Христо Медникаров; текст на том Юри Хаджиев.
Том Тетр. 17.
Заглавие на том Песни и романси по текстове на съвременни Старозагорски поети
257 ## - Страна на издаване
Страна на създаване/издаване България
260 ## - Област на издателските данни
-- Стара Загора
Име на издателя, разпространителя и проч. Наука и техника
Година на издаване Б. г.
300 ## - Физическа характеристика
Размери/Мащаб 33 см
380 ## - Жанр
Жанр Изкуство
700 1# - Други автори (авторска отговорност)
Лично име Александров, Кольо
Автороска отговорност (Описва отношението между автора и произведението) текст на том
9 (RLIN) 388745
700 1# - Други автори (авторска отговорност)
Лично име Коняров, Константин
Автороска отговорност (Описва отношението между автора и произведението) текст на том
9 (RLIN) 367379
700 1# - Други автори (авторска отговорност)
Лично име Стоянов, Лъчезар
Автороска отговорност (Описва отношението между автора и произведението) текст на том
9 (RLIN) 365768
700 1# - Други автори (авторска отговорност)
Лично име Статева, Мариана
Автороска отговорност (Описва отношението между автора и произведението) текст на том
9 (RLIN) 388746
700 1# - Други автори (авторска отговорност)
Лично име Матева, Мирослава
Автороска отговорност (Описва отношението между автора и произведението) текст на том
9 (RLIN) 361803
700 1# - Други автори (авторска отговорност)
Лично име Ганев, Неделчо
Автороска отговорност (Описва отношението между автора и произведението) текст на том
Друга информация Георгиев, Неделчо Ганев
9 (RLIN) 373197
700 1# - Други автори (авторска отговорност)
Лично име Кънев, Николай Кънчев
Автороска отговорност (Описва отношението между автора и произведението) текст на том
9 (RLIN) 388747
700 1# - Други автори (авторска отговорност)
Лично име Русев, Петър
Автороска отговорност (Описва отношението между автора и произведението) текст на том
9 (RLIN) 369897
700 1# - Други автори (авторска отговорност)
Лично име Дончев, Райко Проданов
9 (RLIN) 385970
700 1# - Други автори (авторска отговорност)
Лично име Русев, Росен
Автороска отговорност (Описва отношението между автора и произведението) текст на том
9 (RLIN) 384414
700 1# - Други автори (авторска отговорност)
Лично име Стойчев, Стойчо
Автороска отговорност (Описва отношението между автора и произведението) текст на том
9 (RLIN) 385311
700 1# - Други автори (авторска отговорност)
Лично име Малджарски, Стойчо
Автороска отговорност (Описва отношението между автора и произведението) текст на том
9 (RLIN) 91553
700 1# - Други автори (авторска отговорност)
Лично име Клисуров, Таньо Стоянов
Автороска отговорност (Описва отношението между автора и произведението) текст на том
9 (RLIN) 365169
700 1# - Други автори (авторска отговорност)
Лично име Кацаров, Христо
Автороска отговорност (Описва отношението между автора и произведението) текст на том
9 (RLIN) 388748
700 1# - Други автори (авторска отговорност)
Лично име Медникаров, Христо
Автороска отговорност (Описва отношението между автора и произведението) текст на том
9 (RLIN) 388749
700 1# - Други автори (авторска отговорност)
Лично име Хаджиев, Юри
Автороска отговорност (Описва отношението между автора и произведението) текст на том
9 (RLIN) 361804
760 1# - Описание на основната серия
Редна дума на основното описание Жеков, Петър
Поясняваща информация 71 с.
Място на издаване, издател и година Стара Загора, 1996
Страници - том 71 с.
Заглавие Тетр. 17. Песни и романси по текстове на съвременни Старозагорски поети
852 ## - Местоположение
Форматна сигнатура Цб М ІІ 11371
Част 0
856 4# - Електронен адрес и достъп
Електронен формат pdf - файл
Път до файла /url/
856 4# - Електронен адрес и достъп
Електронен формат pdf - файл
Път до файла /url/
942 ## - АРТИКУЛИ
Вид на библиотечния материал Нотни издания
Скрит в OPAC Не
944 ## - СЪЗДАВАНЕ И РЕДАКЦИЯ на ЗАПИСА
Създаване/Редакция Създаване
Дата на регистрацията/редакция 11.05.2005
Служител, извършил регистрацията/редакцията Ирена_Линкова
944 ## - СЪЗДАВАНЕ И РЕДАКЦИЯ на ЗАПИСА
Създаване/Редакция Редакция
Дата на регистрацията/редакция 14.03.2018
Служител, извършил регистрацията/редакцията Ирена_Линкова
999 ## - СИСТЕМНИ КОНТРОЛНИ НОМЕРА
Koha biblionumber 298080
Koha biblioitemnumber 298080
Наличности
Код за отписване Код за изгубен артикул Източник на класификационната схема Код за повреда Коз за рестрикции Код за отдаване Артикулен № Име на библиотеката - собственик Име на библиотеката, в която се намира в момента Статус (Текущо местоположение) Дата на вписване в системата Местоположение - отдел Цена в лева Инвентарен номер Систематично азбучна сигнатура Баркод Номер на екземпляра Цена в евро Служебна бележка Служебен тип на артикула
  Не е изгубен Universal Decimal Classification Не е повреден без рестрикции ползва се в читалня 649075 Регионална библиотека "Любен Каравелов" Русе Регионална библиотека "Любен Каравелов" Русе Хранилище 1996-01-01 Хранилище 0.01 2169/96 Цб М II 11371 900000023502 1 0.01 N: стар фонд Дата: 01.01.1996 Нотни издания
Vip Innovations Ltd, Rousse, Bulgaria 2025